000 00680cam a22002531 4500
001 31205
003 BD-RjUL
005 20211209051655.0
008 140413s1963 enk 001 0 eng d
035 _a(BD-RjUL)31292
035 _a(OCoLC)2016596
040 _aDLC
_cGU
_dUk
_dDLC
_dBD-RjUL
_beng
041 _aeng
082 _a291
_bMUG 1963
100 1 _aMurray, Margaret Alice.
_976782
245 1 4 _aThe genesis of religion /
_cMargaret Alice Murray
260 _aLondon :
_bRoutledge & Paul,
_c1963.
300 _av, 88 p. ;
_c23 cm.
504 _aIncludes Index
650 0 _a religion.
_994924
942 _2ddc
_cBK
_01
999 _c31205
_d31205